[Event "Euskadi-ch"]
[Site "Zornotza"]
[Date "2016.04.02"]
[Round "6"]
[White "Garro Beraza, Julen"]
[Black "Perez Fernandez, Modesto C"]
[Result "1-0"]
[WhiteElo "1962"]
[BlackElo "2091"]
[PlyCount "117"]
[EventDate "2016.03.28"]
[EventType "swiss"]
[EventRounds "7"]
[EventCountry "ESP"]
[SourceTitle "EXT 2018"]
[Source "ChessBase"]
[SourceDate "2017.10.13"]
[SourceVersion "1"]
[SourceVersionDate "2017.10.13"]
[SourceQuality "1"]

1. e4 c5 2. Nf3 e6 3. d3 d5 4. Nbd2 Nc6 5. g3 Bd6 6. Bg2 Nge7 7. 0-0 0-0 8. Re1 Qc7 9. c3 d4 10. Nc4 e5 11. a4 Be6 12. Bd2 f6 13. h4 dxc3 14. bxc3 Rfd8 15. Qc2 Qd7 16. Be3 Bc7 17. Red1 b6 18. Rab1 Qe8 19. Nh2 Qf7 20. Qe2 Rd7 21. Bf1 Rad8 22. Qe1 Nc8 23. Be2 Nd6 24. Nd2 Nb7 25. f4 f5 26. Qf2 Rf8 27. Rf1 Nba5 28. Nhf3 h6 29. Nxe5 Nxe5 30. fxe5 Bxe5 31. d4 cxd4 32. cxd4 f4 33. gxf4 Bh3 34. dxe5 Bxf1 35. Qxf1 Rfd8 36. Nc4 Qe7 37. Nxa5 bxa5 38. Qf2 Kh8 39. Rb5 Qe6 40. f5 Qc6 41. e6 Rd1+ 42. Kh2 Qxe4 43. Bf3 Qc4 44. Rc5 Qxa4 45. e7 Rb8 46. Bxd1 Qxd1 47. f6 Qd6+ 48. Qf4 Rb2+ 49. Kg3 Qe6 50. Re5 Rg2+ 51. Kxg2 Qc6+ 52. Kg3 Kh7 53. f7 Qg6+ 54. Kf3 Qa6 55. Qf5+ g6 56. f8N+ Kh8 57. Nxg6+ Kg7 58. Qf8+ Kxg6 59. e8Q+ 1-0

[Event "Donostia Gipuzkoa-ch"]
[Site "San Sebastian"]
[Date "2013.11.16"]
[Round "7"]
[White "Garro Beraza, Julen"]
[Black "Ros Eskisabel, Jose Ramon"]
[Result "1/2-1/2"]
[WhiteElo "1986"]
[BlackElo "2124"]
[PlyCount "148"]
[EventDate "2013.10.05"]
[EventType "swiss"]
[EventRounds "7"]
[EventCountry "ESP"]
[SourceTitle "EXT 2015"]
[Source "ChessBase"]
[SourceDate "2014.11.20"]
[SourceVersion "1"]
[SourceVersionDate "2014.11.20"]
[SourceQuality "1"]

1. e4 c6 2. d4 d5 3. exd5 cxd5 4. Bd3 Nc6 5. c3 Qc7 6. Ne2 Bg4 7. f3 Bd7 8. Bf4 e5 9. dxe5 Nxe5 10. Bc2 Bd6 11. Bg3 Ne7 12. Nd4 0-0 13. 0-0 Rfe8 14. Nd2 a6 15. Re1 Rad8 16. Rc1 N7g6 17. Nf1 Nc4 18. Bxd6 Qxd6 19. Rb1 b5 20. Bd3 Nge5 21. Bc2 Qc5 22. Ng3 g6 23. Qc1 Qf8 24. Qf4 Qg7 25. Nf1 Re7 26. Ne3 Bc8 27. Nxc4 dxc4 28. Rbd1 Rde8 29. Be4 Nd3 30. Rxd3 cxd3 31. Rd1 Bb7 32. Bxd3 Re1+ 33. Rxe1 Rxe1+ 34. Kf2 Qe5 35. Qxe5 Rxe5 36. f4 Re7 37. g3 Kf8 38. h4 Be4 39. Be2 Rb7 40. Nb3 Rb6 41. Nc5 Bc6 42. a3 a5 43. b4 axb4 44. axb4 Ke7 45. Ke3 Rb8 46. h5 Ra8 47. hxg6 hxg6 48. Nd3 Kd6 49. Kd4 Ra2 50. Bd1 Rg2 51. g4 f6 52. Ke3 Rg3+ 53. Kd4 Bd7 54. Nf2 Bc6 55. f5 gxf5 56. gxf5 Rg1 57. Bb3 Rf1 58. Ke3 Re1+ 59. Kd2 Rf1 60. Ke3 Bd7 61. Bc2 Re1+ 62. Kd2 Re5 63. Ne4+ Ke7 64. Ng3 Rd5+ 65. Ke3 Kd6 66. Be4 Rd1 67. Ke2 Rc1 68. Kd2 Ra1 69. Bd3 Ra2+ 70. Ke3 Ke5 71. Ne2 Ra3 72. Kd2 Ra2+ 73. Ke3 Ra3 74. Kd2 Ra2+ 1/2-1/2

[Event "Donostia Gipuzkoa-ch"]
[Site "San Sebastian"]
[Date "2013.10.05"]
[Round "1"]
[White "Ezkerro Hernandez, Pablo"]
[Black "Garro Beraza, Julen"]
[Result "0-1"]
[WhiteElo "1772"]
[BlackElo "1986"]
[PlyCount "84"]
[EventDate "2013.10.05"]
[EventType "swiss"]
[EventRounds "7"]
[EventCountry "ESP"]
[SourceTitle "EXT 2015"]
[Source "ChessBase"]
[SourceDate "2014.11.20"]
[SourceVersion "1"]
[SourceVersionDate "2014.11.20"]
[SourceQuality "1"]

1. e4 c5 2. Nf3 d6 3. d4 cxd4 4. Nxd4 Nf6 5. Nc3 a6 6. f3 e6 7. Be3 b5 8. Qd2 Nbd7 9. 0-0-0 Bb7 10. g4 Nb6 11. h4 Nfd7 12. Qf2 Rc8 13. g5 Rxc3 14. bxc3 Qc7 15. Nb3 Na4 16. Bd2 d5 17. Qe3 Ba3+ 18. Kb1 0-0 19. h5 Ne5 20. f4 Nc4 21. Bxc4 bxc4 22. g6 cxb3 23. axb3 Nb6 24. f5 Nc4 25. Qh3 dxe4 26. h6 Nxd2+ 27. Rxd2 fxg6 28. fxg6 hxg6 29. Qxe6+ Qf7 30. Qxf7+ Rxf7 31. b4 Kh7 32. Rdh2 Bd5 33. hxg7+ Kxg7 34. Rh7+ Kf8 35. Rh8+ Ke7 36. Rc8 Ke6 37. Re1 a5 38. c4 Bb7 39. Rg8 Bxb4 40. Rxg6+ Kf5 41. Reg1 Ke5 42. Kb2 Kd4 0-1

[Event "Donostia Gipuzkoa-ch"]
[Site "San Sebastian"]
[Date "2012.10.27"]
[Round "2"]
[White "Argandona Riveiro, Inigo"]
[Black "Garro Beraza, Julen"]
[Result "1-0"]
[WhiteElo "2402"]
[BlackElo "1972"]
[PlyCount "73"]
[EventDate "2012.10.20"]
[EventType "swiss"]
[EventRounds "7"]
[EventCountry "ESP"]
[SourceTitle "EXT 2014"]
[Source "ChessBase"]
[SourceDate "2013.11.20"]
[SourceVersion "1"]
[SourceVersionDate "2013.11.20"]
[SourceQuality "1"]

1. Nf3 Nf6 2. c4 g6 3. Nc3 Bg7 4. e4 d6 5. d4 0-0 6. Be2 e5 7. Be3 exd4 8. Nxd4 Nc6 9. Nxc6 bxc6 10. Qd2 Re8 11. Bf3 Nd7 12. 0-0 Ne5 13. Be2 Be6 14. b3 f5 15. f4 Nf7 16. exf5 Bxf5 17. Bf3 Qd7 18. Bd4 Bh6 19. h3 Ne5 20. Bxe5 dxe5 21. Qxd7 Bxd7 22. Rad1 Re7 23. fxe5 Rf8 24. Ne4 Bg7 25. Nc5 Bf5 26. Bxc6 Rxe5 27. Bd5+ Kh8 28. g4 Bc8 29. Rxf8+ Bxf8 30. Ne4 h5 31. Rf1 Bg7 32. Rf7 hxg4 33. hxg4 Bxg4 34. Rxc7 Rf5 35. Nd6 Rf4 36. Kg2 Kh7 37. Ne8 1-0

[Event "Gipuzkoa-ch"]
[Site "San Sebastian"]
[Date "2011.12.03"]
[Round "7"]
[White "Garro Beraza, Julen"]
[Black "Izagirre Alsua, Aritz"]
[Result "0-1"]
[WhiteElo "1990"]
[BlackElo "1781"]
[PlyCount "70"]
[EventDate "2011.10.08"]
[EventType "swiss"]
[EventRounds "7"]
[EventCountry "ESP"]
[SourceTitle "EXT 2024"]
[Source "ChessBase"]
[SourceDate "2023.10.10"]
[SourceVersion "1"]
[SourceVersionDate "2023.10.10"]
[SourceQuality "1"]

1. e4 c5 2. Nf3 a6 3. d4 cxd4 4. Nxd4 d6 5. Nc3 Nf6 6. f3 e5 7. Nb3 Be6 8. Be3 Nbd7 9. Qd2 b5 10. 0-0-0 Rc8 11. Kb1 Nb6 12. Qf2 Nfd7 13. Na5 Rxc3 14. bxc3 Na4 15. Nb3 Nxc3+ 16. Kc1 Nxd1 17. Kxd1 Qc7 18. g3 Be7 19. Bd3 0-0 20. Ke2 f5 21. Rd1 fxe4 22. Bxe4 Nf6 23. Bb6 Qc8 24. Qe3 Nxe4 25. Qxe4 Kh8 26. Rc1 Bf5 27. Qe3 Qc4+ 28. Kd2 h6 29. h4 Re8 30. Ba5 d5 31. c3 Qa4 32. Ra1 d4 33. cxd4 exd4 34. Qf4 Bg6 35. h5 Bg5 0-1

[Event "Gipuzkoa-ch"]
[Site "San Sebastian"]
[Date "2011.10.08"]
[Round "1"]
[White "Garro Beraza, Julen"]
[Black "Cejudo Urdampilleta, Juan Pablo"]
[Result "1-0"]
[WhiteElo "1990"]
[BlackElo "1703"]
[PlyCount "65"]
[EventDate "2011.10.08"]
[EventType "swiss"]
[EventRounds "7"]
[EventCountry "ESP"]
[SourceTitle "EXT 2024"]
[Source "ChessBase"]
[SourceDate "2023.10.10"]
[SourceVersion "1"]
[SourceVersionDate "2023.10.10"]
[SourceQuality "1"]

1. e4 d6 2. d4 Nf6 3. Nc3 g6 4. g3 Bg7 5. Bg2 0-0 6. Nge2 c5 7. h3 Nc6 8. Be3 Qc7 9. 0-0 cxd4 10. Nxd4 a6 11. a4 Ne5 12. Nde2 Nc4 13. Bc1 Rd8 14. b3 Na5 15. Bb2 e6 16. Qe1 d5 17. exd5 exd5 18. Rd1 Bf5 19. Rd2 Bh6 20. f4 Ne4 21. Nxe4 Bxe4 22. Nd4 Re8 23. Qa1 Qb6 24. Kh2 Bg7 25. f5 Nc6 26. Nxc6 Bxb2 27. Qxb2 Qxc6 28. Rf4 Bxg2 29. Rxg2 Re1 30. c4 Rae8 31. Qd4 dxc4 32. fxg6 Qxg6 33. Rg4 1-0

[Event "ESP-ch U18"]
[Site "Padron"]
[Date "2011.07.31"]
[Round "9"]
[White "Garro Beraza, Julen"]
[Black "Fernandez Lledo, Javier"]
[Result "1-0"]
[WhiteElo "1950"]
[BlackElo "2204"]
[PlyCount "71"]
[EventDate "2011.07.25"]
[EventType "tourn"]
[EventRounds "9"]
[EventCountry "ESP"]
[SourceTitle "EXT 2012"]
[Source "ChessBase"]
[SourceDate "2011.11.24"]
[SourceVersion "1"]
[SourceVersionDate "2011.11.24"]
[SourceQuality "1"]

1. e4 c5 2. Nf3 d6 3. d4 cxd4 4. Nxd4 Nf6 5. Nc3 Nc6 6. Bg5 e6 7. Qd2 Bd7 8. 0-0-0 a6 9. f3 b5 10. Nxc6 Bxc6 11. Bf4 e5 12. Be3 h5 13. h4 Qc7 14. Kb1 d5 15. Nxd5 Bxd5 16. exd5 Rd8 17. Qf2 Nxd5 18. Bd3 Be7 19. Bg5 0-0 20. g4 b4 21. Rhe1 a5 22. Bxe7 Nxe7 23. Qe2 Nc6 24. Qe4 f5 25. Qc4+ Kh8 26. Bxf5 Qb6 27. Qe6 Rf6 28. Rxd8+ Qxd8 29. Qd7 Qxd7 30. Bxd7 Nd4 31. Rxe5 Rd6 32. Rxh5+ Kg8 33. Ba4 Ne2 34. c3 bxc3 35. Bb3+ Kf8 36. Rf5+ 1-0

[Event "ESP-ch Autonomicas"]
[Site "Gijon"]
[Date "2011.05.01"]
[Round "4.6"]
[White "Bastida Rodriguez, Ines"]
[Black "Garro Beraza, Julen"]
[Result "0-1"]
[WhiteElo "1585"]
[BlackElo "1889"]
[PlyCount "108"]
[EventDate "2011.04.29"]
[EventType "team-swiss"]
[EventRounds "6"]
[EventCountry "ESP"]
[SourceTitle "CBM 142 Extra"]
[Source "ChessBase"]
[SourceDate "2011.06.27"]
[SourceVersion "1"]
[SourceVersionDate "2011.06.27"]
[SourceQuality "1"]
[WhiteTeam "Castilla y Leon"]
[BlackTeam "Pais Vasco"]
[WhiteTeamCountry "ESP"]
[BlackTeamCountry "ESP"]

1. e4 c5 2. Nf3 d6 3. d4 cxd4 4. Nxd4 Nf6 5. Nc3 a6 6. Bg5 Nbd7 7. g3 e6 8. Bg2 Be7 9. Bxf6 Nxf6 10. 0-0 0-0 11. Nb3 Rb8 12. f4 Qc7 13. Qe2 Nd7 14. f5 Ne5 15. Nd1 Bd7 16. Qf2 Rbc8 17. c3 Bb5 18. Ne3 Bxf1 19. Rxf1 Bg5 20. Bh3 Qb6 21. Nd4 Nd3 22. Qf3 e5 23. Ndc2 f6 24. Kh1 Qxb2 25. Nb4 Nxb4 26. cxb4 Rc3 27. Nd1 Rxf3 28. Nxb2 Rxf1+ 29. Bxf1 Bd2 30. a3 Bc3 31. Nc4 Rd8 32. Nb6 g6 33. Nd5 Bb2 34. a4 Kg7 35. Bh3 Rc8 36. Bf1 gxf5 37. Ne7 Rc1 38. Nxf5+ Kf8 39. Kg2 Rd1 40. Bc4 Ba3 41. b5 a5 42. Ne3 Rd4 43. Bd5 b6 44. Nc4 Bc5 45. g4 Rd1 46. Kg3 Ra1 47. Nb2 Rb1 48. Nd3 Kg7 49. Kh4 Bd4 50. Kh3 Ra1 51. Bb3 Ra3 52. Bc2 Rc3 53. Bb1 Rc4 54. Ne1 Rc1 0-1

[Event "ESP-ch Autonomicas"]
[Site "Gijon"]
[Date "2011.04.30"]
[Round "3.5"]
[White "Tejedor Fuente, Enrique"]
[Black "Garro Beraza, Julen"]
[Result "1-0"]
[WhiteElo "2113"]
[BlackElo "1889"]
[PlyCount "167"]
[EventDate "2011.04.29"]
[EventType "team-swiss"]
[EventRounds "6"]
[EventCountry "ESP"]
[SourceTitle "CBM 142 Extra"]
[Source "ChessBase"]
[SourceDate "2011.06.27"]
[SourceVersion "1"]
[SourceVersionDate "2011.06.27"]
[SourceQuality "1"]
[WhiteTeam "Cantabria"]
[BlackTeam "Pais Vasco"]
[WhiteTeamCountry "ESP"]
[BlackTeamCountry "ESP"]

1. e4 c5 2. Nf3 d6 3. c3 Nf6 4. Be2 Nc6 5. d3 e6 6. 0-0 Be7 7. Re1 0-0 8. Bf1 Qc7 9. d4 e5 10. h3 a6 11. a4 b6 12. Na3 Bb7 13. Nc2 exd4 14. cxd4 d5 15. e5 Ne4 16. Bf4 Rad8 17. Qc1 Qd7 18. Bd3 Na5 19. Qd1 f6 20. Ne3 Ng5 21. Nxg5 fxg5 22. Qh5 Rxf4 23. Qxh7+ Kf8 24. Bf5 Rh4 25. Qg6 Rh6 26. Qxh6 gxh6 27. Bxd7 Rxd7 28. Nf5 c4 29. Nxh6 Nb3 30. Rad1 Bc6 31. Re3 Kg7 32. Nf5+ Kg6 33. Rf3 Bd8 34. e6 Rh7 35. Nd6 Bxa4 36. Nc8 Bc6 37. Re3 Kf6 38. Rde1 Be7 39. Rf3+ Kg6 40. Rf7 Bb4 41. Rxh7 Kxh7 42. Re5 Nxd4 43. Nxb6 c3 44. bxc3 Bxc3 45. Re3 Nb5 46. e7 Bd4 47. Re6 Be8 48. Nxd5 Kg7 49. Rxa6 Be5 50. g3 Nc7 51. Ra5 Nxd5 52. Rxd5 Bf6 53. Rf5 Kf7 54. f4 gxf4 55. Rxf4 Kxe7 56. h4 Bg6 57. Ra4 Ke6 58. Ra6+ Kf7 59. Kh2 Bd3 60. Ra7+ Kg6 61. Ra3 Bf1 62. Rf3 Be2 63. Rf2 Bg4 64. Rf4 Be2 65. Kh3 Bd1 66. g4 Bc2 67. Rf2 Be4 68. Re2 Bd3 69. Re1 Bc2 70. Rc1 Be4 71. Re1 Bd3 72. g5 Bf5+ 73. Kh2 Bc3 74. Re8 Kf7 75. Re3 Bd4 76. Rf3 Be5+ 77. Kg2 Kg6 78. Re3 Bd4 79. Re7 Bc5 80. Re5 Bd4 81. Ra5 Bc3 82. Ra6+ Kg7 83. Kf3 Bc8 84. Ra7+ 1-0

[Event "San Sebastian op 34th"]
[Site "San Sebastian"]
[Date "2011.04.23"]
[Round "9"]
[White "Roldan Riaga, Roberto"]
[Black "Garro Beraza, Julen"]
[Result "1/2-1/2"]
[WhiteElo "2045"]
[BlackElo "1889"]
[PlyCount "45"]
[EventDate "2011.04.16"]
[EventType "swiss"]
[EventRounds "9"]
[EventCountry "ESP"]
[SourceTitle "CBM 141 Extra"]
[Source "ChessBase"]
[SourceDate "2011.05.03"]
[SourceVersion "1"]
[SourceVersionDate "2011.05.03"]
[SourceQuality "1"]

1. e4 c5 2. Nf3 d6 3. d4 cxd4 4. Nxd4 Nf6 5. Nc3 a6 6. Bg5 Nbd7 7. f4 Qc7 8. Qf3 h6 9. Bh4 g5 10. fxg5 hxg5 11. Bxg5 Qc5 12. Nf5 e6 13. Bxf6 Nxf6 14. Ng3 Qd4 15. Rd1 Qe5 16. Be2 Bd7 17. 0-0 Be7 18. Qf4 Qc5+ 19. Kh1 0-0-0 20. Qf2 Qe5 21. Qf4 Qc5 22. Qf2 Qe5 23. Qf4 1/2-1/2

[Event "ESP-chT Autonomicas 5th"]
[Site "Tossa de Mar"]
[Date "2010.04.29"]
[Round "1.56"]
[White "Gallardo Pina, Neus"]
[Black "Garro Beraza, Julen"]
[Result "0-1"]
[WhiteElo "1808"]
[BlackElo "1881"]
[PlyCount "82"]
[EventDate "2010.04.29"]
[EventType "team-swiss"]
[EventRounds "6"]
[EventCountry "ESP"]
[SourceTitle "CBM 136 Extra"]
[Source "ChessBase"]
[SourceDate "2010.07.02"]
[SourceVersion "2"]
[SourceVersionDate "2010.07.15"]
[SourceQuality "1"]
[WhiteTeam "Baleares"]
[BlackTeam "Euskadi"]
[WhiteTeamCountry "ESP"]
[BlackTeamCountry "ESP"]

1. f4 c5 2. b3 Nc6 3. Nf3 Nf6 4. Bb2 e6 5. e3 Be7 6. Bb5 0-0 7. 0-0 d6 8. Bxc6 bxc6 9. Qe2 Qb6 10. d3 a5 11. Nbd2 d5 12. Ne5 Nd7 13. Nxd7 Bxd7 14. Qg4 f6 15. Rf3 a4 16. Rh3 Rf7 17. Nf1 c4 18. dxc4 axb3 19. cxb3 dxc4 20. Bd4 c5 21. Bb2 cxb3 22. Qd1 Rxa2 23. Qb1 f5 24. Rxa2 bxa2 25. Qxa2 Bf6 26. Ba3 Qa6 27. Qb3 c4 28. Qb8+ Qc8 29. Qb1 c3 30. Bc1 Bc6 31. Ng3 Rd7 32. Qc2 Qb7 33. Nf1 Be4 34. Qe2 Bd3 35. Qf3 Qxf3 36. Rxf3 c2 37. Rf2 Rb7 38. Rd2 Be4 39. Ng3 Rb1 40. Ne2 Bb2 41. Kf2 Bxc1 0-1

[Event "Euskadi-ch U18"]
[Site "Eibar"]
[Date "2010.04.06"]
[Round "1"]
[White "Garro Beraza, Julen"]
[Black "Saiz Lopez, Laura"]
[Result "1-0"]
[WhiteElo "1884"]
[BlackElo "1403"]
[PlyCount "25"]
[EventDate "2010.04.06"]
[EventType "swiss"]
[EventRounds "6"]
[EventCountry "ESP"]
[SourceTitle "CBM 136 Extra"]
[Source "ChessBase"]
[SourceDate "2010.07.02"]
[SourceVersion "2"]
[SourceVersionDate "2010.07.15"]
[SourceQuality "1"]

1. e4 d5 2. exd5 Qxd5 3. Nc3 Qa5 4. Bc4 c6 5. d3 h6 6. Qe2 Nf6 7. h3 Bf5 8. Bd2 Nbd7 9. Nb5 Qb6 10. Nd6+ Kd8 11. Nxf5 Qxb2 12. Rc1 e6 13. Ng3 1-0

[Event "San Sebastian op 33rd"]
[Site "San Sebastian"]
[Date "2010.04.03"]
[Round "8"]
[White "Ciruelos Clerencia, Juan Manuel"]
[Black "Garro Beraza, Julen"]
[Result "0-1"]
[WhiteElo "1773"]
[BlackElo "1881"]
[PlyCount "62"]
[EventDate "2010.03.28"]
[EventType "swiss"]
[EventRounds "9"]
[EventCountry "ESP"]
[SourceTitle "CBM 135 Extra"]
[Source "ChessBase"]
[SourceDate "2010.05.04"]
[SourceVersion "1"]
[SourceVersionDate "2010.05.04"]
[SourceQuality "1"]

1. e4 c5 2. d4 cxd4 3. c3 dxc3 4. Nxc3 Nc6 5. Nf3 e6 6. Bc4 a6 7. a4 Nge7 8. 0-0 Ng6 9. Qe2 Be7 10. Rd1 0-0 11. Be3 b6 12. Qd2 Qc7 13. Rac1 Qb7 14. Qe2 Rd8 15. h3 Rb8 16. Kh1 Bc5 17. Bxc5 bxc5 18. Ng5 d6 19. Qh5 Nf8 20. f4 Qe7 21. Rd2 Na5 22. Ba2 Nb3 23. Bxb3 Rxb3 24. Rcd1 g6 25. Qh6 Rb6 26. e5 f5 27. exd6 Rbxd6 28. Rxd6 Rxd6 29. Rxd6 Qxd6 30. Nxh7 Nxh7 31. Qxg6+ Kh8 0-1

[Event "Euskadi-chT"]
[Site "Bergara"]
[Date "2010.01.30"]
[Round "4.4"]
[White "Zaballa Zarzosa, Jon"]
[Black "Garro Beraza, Julen"]
[Result "0-1"]
[WhiteElo "1872"]
[BlackElo "1873"]
[PlyCount "62"]
[EventDate "2010.01.09"]
[EventType "team-tourn"]
[EventRounds "9"]
[EventCountry "ESP"]
[SourceTitle "EXT 2011"]
[Source "ChessBase"]
[SourceDate "2010.11.26"]
[SourceVersion "1"]
[SourceVersionDate "2010.11.26"]
[SourceQuality "1"]

1. e4 c5 2. Nf3 d6 3. d4 cxd4 4. Nxd4 Nf6 5. Nc3 a6 6. Be3 e6 7. f3 Be7 8. g4 Nc6 9. Qd2 0-0 10. 0-0-0 Nxd4 11. Bxd4 Nd7 12. h4 b5 13. g5 Bb7 14. Rg1 b4 15. Ne2 d5 16. h5 e5 17. Bf2 d4 18. g6 Nc5 19. h6 fxg6 20. hxg7 Rxf3 21. Nxd4 Nxe4 22. Bc4+ Bd5 23. Qe2 Rxf2 24. Qxe4 Bxc4 25. Nc6 Bg5+ 26. Kb1 Qf6 27. Qxc4+ Kxg7 28. Rd7+ Kh8 29. Re1 Rc8 30. Nxe5 Rxc4 31. Nf7+ Qxf7 0-1

[Event "Gipuzkoa-ch"]
[Site "Zarautz"]
[Date "2009.12.05"]
[Round "7"]
[White "Garro Beraza, Julen"]
[Black "Arana Garate, Jon"]
[Result "1/2-1/2"]
[WhiteElo "1821"]
[BlackElo "1946"]
[PlyCount "101"]
[EventDate "2009.10.24"]
[EventType "swiss"]
[EventRounds "7"]
[EventCountry "ESP"]
[SourceTitle "EXT 2012"]
[Source "ChessBase"]
[SourceDate "2011.11.24"]
[SourceVersion "1"]
[SourceVersionDate "2011.11.24"]
[SourceQuality "1"]

1. e4 d6 2. d4 Nf6 3. Nc3 g6 4. f4 Bg7 5. Nf3 0-0 6. Bc4 c6 7. e5 Nd5 8. Nxd5 cxd5 9. Bd3 Bg4 10. h3 Bxf3 11. Qxf3 dxe5 12. fxe5 Nc6 13. c3 f6 14. e6 Qd6 15. Qe2 Nd8 16. 0-0 Rc8 17. Bb5 Nc6 18. Bf4 Qd8 19. h4 a6 20. Bd3 Qe8 21. Rf3 h5 22. Raf1 f5 23. Qe3 Kh7 24. Rg3 Nd8 25. Re1 Rc6 26. Qf3 Nxe6 27. Be5 Qd7 28. Qe2 Rf7 29. Rf1 Bxe5 30. Qxe5 Ng7 31. Bc2 Re6 32. Qf4 Re2 33. Rf2 Rxf2 34. Qxf2 Rf6 35. Bb3 Qd6 36. Qf3 e6 37. Qf2 Rf7 38. Re3 Re7 39. Re5 Kg8 40. Qe3 Kf7 41. c4 dxc4 42. Bxc4 Qb6 43. b3 Qd6 44. a4 Qb6 45. a5 Qd6 46. Qf4 Rd7 47. d5 Kf6 48. dxe6 Re7 49. Qg5+ Kxe5 50. Qe3+ Kf6 51. Qg5+ 1/2-1/2